<?xml version="1.0" encoding="UTF-8"?>
<record
    xmlns:xsi="http://www.w3.org/2001/XMLSchema-instance"
    xsi:schemaLocation="http://www.loc.gov/MARC21/slim http://www.loc.gov/standards/marcxml/schema/MARC21slim.xsd"
    xmlns="http://www.loc.gov/MARC21/slim">

  <leader>01660nam a22001577a 4500</leader>
  <controlfield tag="003">SGT</controlfield>
  <datafield tag="020" ind1=" " ind2=" ">
    <subfield code="a">9789325982291</subfield>
  </datafield>
  <datafield tag="082" ind1=" " ind2=" ">
    <subfield code="a">658.15,PAN</subfield>
  </datafield>
  <datafield tag="100" ind1=" " ind2=" ">
    <subfield code="a">PANDAY,I.M</subfield>
  </datafield>
  <datafield tag="245" ind1=" " ind2=" ">
    <subfield code="a">FINANCIAL MANAGEMENT</subfield>
  </datafield>
  <datafield tag="260" ind1=" " ind2=" ">
    <subfield code="a">NEW DELHI</subfield>
    <subfield code="b">VIKASH PUBLICATION </subfield>
    <subfield code="c">2015</subfield>
  </datafield>
  <datafield tag="300" ind1=" " ind2=" ">
    <subfield code="a">909</subfield>
  </datafield>
  <datafield tag="650" ind1=" " ind2=" ">
    <subfield code="a">FINANCIAL MANAGEMENT</subfield>
  </datafield>
  <datafield tag="653" ind1=" " ind2=" ">
    <subfield code="a">NATURE OF FINANCIAL MANAGEMENT &#x2022; VALUE AND RETURN &#x2022; VALUATION OF BONDS AND SHARES &#x2022; RISK AND RETURN &#x2022; PORTFOLIO THEORY AND ASSETS PRICING MODELS &#x2022; BETA ESTIMATION AND THE COST OF EQUITY &#x2022; OPTIONS AND THEIR VALUATION &#x2022; CAPITAL BUDGETING DECISIONS &#x2022; THE COST OF CAPITAL &#x2022; CASH FLOWS FOR INVESTMENT ANALYSIS &#x2022; COMPLEX INVESTMENT DECISIONS &#x2022; RISK ANALYSIS IN CAPITAL BUDGETING &#x2022; REAL OPTIONS, INVESTMENT STRATEGY AND PROCESS &#x2022; FINANCIAL AND OPERATING LEVERAGE &#x2022; CAPITAL STRUCTURE: THEORY AND POLICY &#x2022; VALUATION AND FINANCING &#x2022; DIVIDEND THEORY &#x2022; DIVIDEND POLICY &#x2022; CAPITAL MARKET EFFICIENCY AND CAPITAL MARKETS IN INDIA &#x2022; LONG-TERM FINANCE: SHARES, DEBENTURES AND TERM LOANS &#x2022; CONVERTIBLE DEBENTURES AND WARRANTS &#x2022; ASSET-BASED FINANCING: LEASE, HIRE PURCHASE AND PROJECT FINANCING &#x2022; VENTURE CAPITAL FINANCING &#x2022; FINANCIAL STATEMENTS &#x2022; FINANCIAL STATEMENT ANALYSIS &#x2022; FINANCIAL PLANNING AND STRATEGY &#x2022; PRINCIPLES OF WORKING CAPITAL MANAGEMENT &#x2022; RECEIVABLES MANAGEMENT AND FACTORING &#x2022; INVENTORY MANAGEMENT &#x2022; CASH MANAGEMENT &#x2022; WORKING CAPITAL FINANCE &#x2022; CORPORATE RESTRUCTURING, MERGERS AND ACQUISITIONS &#x2022; DERIVATIVES FOR MANAGING FINANCIAL RISK &#x2022; INTERNATIONAL FINANCIAL MANAGEMENT &#x2022; SHAREHOLDER VALUE AND CORPORATE GOVERNANCE &#x2022; COMPREHENSIVE CASES &#x2022; TABLES</subfield>
  </datafield>
  <datafield tag="942" ind1=" " ind2=" ">
    <subfield code="2">ddc</subfield>
    <subfield code="c">FCM</subfield>
  </datafield>
  <datafield tag="952" ind1=" " ind2=" ">
    <subfield code="0">0</subfield>
    <subfield code="1">0</subfield>
    <subfield code="2">ddc</subfield>
    <subfield code="4">0</subfield>
    <subfield code="7">0</subfield>
    <subfield code="8">CM</subfield>
    <subfield code="a">SSSL</subfield>
    <subfield code="b">SSSL</subfield>
    <subfield code="c">DISPLAY</subfield>
    <subfield code="d">2016-06-15</subfield>
    <subfield code="e">KIRTI PRAKASHAN</subfield>
    <subfield code="g">699.00</subfield>
    <subfield code="i">SGTU</subfield>
    <subfield code="l">29</subfield>
    <subfield code="o">658.15,PAN</subfield>
    <subfield code="p">CM632</subfield>
    <subfield code="r">2022-06-01 00:00:00</subfield>
    <subfield code="s">2022-05-20</subfield>
    <subfield code="w">2015-03-05</subfield>
    <subfield code="y">FCM</subfield>
    <subfield code="k">2308</subfield>
  </datafield>
  <datafield tag="952" ind1=" " ind2=" ">
    <subfield code="0">0</subfield>
    <subfield code="1">0</subfield>
    <subfield code="2">ddc</subfield>
    <subfield code="4">0</subfield>
    <subfield code="7">0</subfield>
    <subfield code="8">CM</subfield>
    <subfield code="a">SSSL</subfield>
    <subfield code="b">SSSL</subfield>
    <subfield code="c">DISPLAY</subfield>
    <subfield code="d">2016-06-15</subfield>
    <subfield code="e">KIRTI PRAKASHAN</subfield>
    <subfield code="g">699.00</subfield>
    <subfield code="i">SGTU</subfield>
    <subfield code="l">0</subfield>
    <subfield code="o">658.15,PAN</subfield>
    <subfield code="p">CM633</subfield>
    <subfield code="r">2016-06-15 00:00:00</subfield>
    <subfield code="w">2015-03-05</subfield>
    <subfield code="y">FCM</subfield>
    <subfield code="k">2308</subfield>
  </datafield>
  <datafield tag="999" ind1=" " ind2=" ">
    <subfield code="c">9031</subfield>
    <subfield code="d">9031</subfield>
  </datafield>
</record>
